| 000 | 00689nam a22002177a 4500 | ||
|---|---|---|---|
| 005 | 20170823121722.0 | ||
| 010 | _aENG-119988 | ||
| 020 |
_a9789383369072 _c150.00 |
||
| 035 | _aEN-103520 | ||
| 037 | _bDBAD/PUB | ||
| 082 | _a005.3 | ||
| 100 | _aBhise, A.B. | ||
| 245 |
_aIntroduction to computer application : _cby A.B. Bhise, R.B. Bhise [and] V.D.Kulkarni |
||
| 260 |
_aPune _bSanay Prakashan _c2016 |
||
| 270 |
_aShubham Vishva, Mogra B 14, Anandwadi, Narayangaon, Tal.Junner, _bPune _e410504 |
||
| 300 |
_a113p. : _c25cm(pbk) _bill. |
||
| 500 | _aAs per new syllabus 2016 | ||
| 700 | _aBhise, R.B. | ||
| 700 | _aKulkarni, V.D. | ||
| 942 |
_2ddc _cEN _h005.3 _mBHI |
||
| 999 |
_c143705 _d143705 |
||